Quizzes
Events
Quiz Creation
Community
Videos
Private Events
Remove Ads
Sign In
Join for FREE
Feedback
Dark Mode
Quiz Categories
Sports
Geography
Music
Movies
Television
Just For Fun
Miscellaneous
History
Literature
Language
Science
Gaming
Entertainment
Religion
Holiday
For Kids
Quiz Lab
Recent
Popular Today
Quiz Kudos Today
Editor Picks
Curator Picks
Quizzes by...
Day
Popularity
Type
Ratings
Length
Year
Community
Subscriptions
Recent Discussions
Orange Saloon
Badges
Playlists
Quests
Create
Leaderboards
Showdown
Live 5
Trivia Bingo
Activity
Puzzle Library
Sporcle Events
Private Events
Virtual Trivia
Globe League
Become a Host
Pub Owners
SporcleCon
Opinionation
Our Games
Videos
Blog
Mobile Apps
Partnerships
Remove Ads and Go Orange
Feedback
Movies
Disney
Marvel Cinematic Universe
Movie Resume
Movie Titles
Oscar
Actor
Actress
Director
Pixar
Role
Movie Quotes
Movie Characters
Box Office
Nominee
Best Picture
Star Wars
James Bond
Horror Movies
Movies
Disney
Marvel Cinematic Universe
Movie Resume
Movie Titles
Oscar
Actor
Actress
Director
Pixar
Role
Movie Quotes
Movie Characters
Box Office
Nominee
Best Picture
Star Wars
James Bond
Horror Movies
Random Quiz
Search Sporcle
×
Quiz Lab
Quiz Lab
Movies
Comedy Movie
Type in answers that appear in a list
Type in answers that appear in a list
Classic
Best Score? Go Orange.
10 Favorite Movies Stats
Can you name my 10 Favorite Movies without the vowels?
By
hirsh14
3m
10 Questions
104 Plays
104 Plays
104 Plays
Comments
Comments
Give Quiz Kudos
Give Quiz Kudos
-
- Ratings
hide this ad
Replay
Link that replays current quiz
Next Quiz
Link to next quiz in quiz playlist
You Got
0%
They Got
Avg Score
93%
Avg Friend Score
Upgrade to see
Score Distribution
Jump to the score distribution portion of the page
Score
0/10
Timer
03:00
0
Plays Today
Name without vowels
Answer
% Correct
THGDFTHR
THE GODFATHER
99%
PLPFCTN
PULP FICTION
98.1%
FRRSTGMP
FORREST GUMP
98.1%
SLNCFTHLMBS
SILENCE OF THE LAMBS
96.2%
THPRNCSSBRD
THE PRINCESS BRIDE
95.2%
BCKTTHFTR
BACK TO THE FUTURE
95.2%
GDFLLS
GOODFELLAS
93.3%
CTYFGD
CITY OF GOD
93.3%
FRG
FARGO
84.6%
BGNGHTS
BOOGIE NIGHTS
84.6%
Quiz Playlist
Details
Report
Send in Message
Add To Playlist
Classic:
Type in answers that appear in a list
Last Updated: Feb 16, 2017
Quiz Scoreboard
CHALLENGE
Sign Up to Join the Scoreboard
Show All
Scores
Hide
Comments
May contain spoilers
Recently Published
Movies - When Are They Set?
by FPL_Elf
Movies
5m
Popular People in 1961
by mucciniale
History
6m
1-10 Letter E Words III
by El_Dandy
Language
2m
More to Explore
Quiz From the Vault
Featured Blog Post
Where Did the Easter Bunny Come From?
hide this ad
You Might Also Like...
Tags
100 Movie
Comedy Movie
Hilarious Movie
Missing Vowels
Movie Stars
Vowel
Today's Top Quizzes in Movies
Browse Movies
hide this ad
Today's Top Quizzes in Comedy Movie
Browse Comedy Movie
Top Contributed Quizzes in Movies
1
Pick 5 Posters: Directed by Spielberg
2
Multi-Oscar Nominations, One Movie, One Winner
3
One Thing in Common: Movies
4
12 Movies about Fictional 1960s Events
5
One Thing in Common: Movies II
6
Sunday Crossword: Film Score Composers
7
Three Word 'H' Movies Match Up
8
Three Word 'T' Movies Match Up
9
One Thing in Common: Oscars
10
Three Word 'M' Movies Match Up
Explore More
Trending Topics
Anime
Marvel
Harry Potter
Kpop
NBA
Disney
Crossword
Song
NFL
Country
Soccer
Puzzle
WWE
The Office
Pokémon
hide this ad
More By:
hirsh14
Quiz
Plays
Rating
Category
Featured
Created
Miami Dolphins 1,000-yard rushers
3,299
3.50
Sports
May 23, 2017
All-time Miami Dolphins quarterbacks
1,243
5.00
Sports
May 26, 2017
Names of Miami Dolphins coaches
279
4.50
Sports
Jun 1, 2017
Marlins MLB All-Stars
200
5.00
Sports
Jul 7, 2017
Miami Heat draft picks
136
5.00
Sports
Jun 8, 2017
Go to Creator's Profile
Score Distribution
Quiz Creator Spotlight
hirsh14
Follow
Send a Message
Quizzes Created
-
Created Quiz Play Count
-
More By This Creator
Popular Quizzes Today
1
Find the Countries of Europe - No Outlines Minefield
2
Find the US States - No Outlines Minefield
3
The Countries of the World
4
Popular People in 1961
5
1-10 Letter E Words III
6
US States
7
Find the US States
8
One Thing in Common: World Cities II
More Movies Quizzes
A Tamer Robert De Niro?
Editor's Pick
Trending Quizzes
Risky Map Clicking: Least Populous States A-Z
Humor Books: The Subtitles
1-10 Letter F Words
1-10 Letter G Words
One Thing in Common: United Kingdom
Recently Updated
Leaping Animals
pecheneg
Reality TV Shows (A-Z)
bhenderson79
Rickey Henderson's Hall of Fame Teammates
pecheneg
Champions League XIs: Arsenal
pecheneg
Quick Pick: Celebrities in WWE's Hall of Fame
aduchscher
A-Z Keypad Blitz II
pecheneg
Multiple Oscar Actors
pecheneg
Mystery Phrase Blitz: Oscar 'Best Actors'
pecheneg
F. Scott Fitzgerald Novels
LTH
Pick 3 Villains
ddd62291
Trending Topics
Disney
Crossword
Anime
NBA
Marvel
Kpop
Harry Potter
Pokémon
Song
Country
WWE
Puzzle
Soccer
NFL
The Office
Your Account Isn't Verified!
In order to create a playlist on Sporcle, you need to verify the email address you used during registration. Go to your
Sporcle Settings
to finish the process.
Report this User
Report this user for behavior that violates our
Community Guidelines
.
Details:
Send Report
Go to the Sporcle.com Mobile Site →
Comments